| 000 | 00592nam a2200181 i 4500 | ||
|---|---|---|---|
| 001 | 141537 | ||
| 003 | ES-MaACL | ||
| 005 | 20230906200320.0 | ||
| 007 | t| | ||
| 008 | 070925s1968 sp ||||1| spa d | ||
| 100 | 1 |
_aVolger, Karl. _9115689 |
|
| 245 | 1 | 0 |
_aInstalaciones técnicas en la construcción de vivienda / _cKarl Volger ; [traducción y adaptación por Antonio Cardona Cumella]. |
| 250 | _a[1ª ed.]. | ||
| 260 |
_aBarcelona : _bLabor, _c[1968] |
||
| 300 |
_aXVI, 612 p. : _bil. ; _c23 cm. |
||
| 700 | 1 |
_aCardona Cumella, Antonio. _935185 |
|
| 852 |
_aES-MaACL _jC-46794 _bR.67240 |
||
| 999 |
_c141537 _d141537 |
||